| 000 | 00822nam a22002417a 4500 | ||
|---|---|---|---|
| 005 | 20100819113926.0 | ||
| 008 | 090109t xxu||||| |||| 00| 0urd d | ||
| 010 | _a UR-7778 | ||
| 020 | _c200.00 | ||
| 035 | _aU-6333 | ||
| 040 |
_adpl _burd |
||
| 082 | _a841 | ||
| 100 |
_912785 _aاطیب اعجاز |
||
| 245 |
_aگیت ہی گیت / _cاطیب اعجاز |
||
| 246 |
_aGeet Hi Geet / _bby Atyab Aijaz |
||
| 260 |
_aحیدرآباد _c2008 _bاطیب پبلشنگ ہاؤس |
||
| 270 |
_a241/9-10, Resala Bazar, Golcanda Fort _bHyderabad _e500008 |
||
| 300 |
_a200 ص _c22 س م (Hb) |
||
| 650 |
_2critisim _912786 |
||
| 700 | _913044 | ||
| 942 |
_2ddc _cUR _h841 _mا ط ی |
||
| 999 |
_c42513 _d42513 |
||